| LEADER |
00926nam0a2200241 450 |
| 001 |
16864115 |
| 010 |
|
|
|a 978-2-215-10418-6
|b rel.
|d 6
|
| 100 |
|
|
|a 20241206d2010 u u0frey01 ba
|
| 101 |
0 |
|
|a fre
|
| 102 |
|
|
|a FR
|
| 200 |
0 |
|
|a grue de Lulu (La)
|f conception, Nathalie Bélineau
|g images, Alexis Nesme - texte, Emilie Beaumont
|
| 207 |
|
1 |
|a
|
| 210 |
|
|
|a Paris
|b 31 rue de Fleurus.
|c Fleurus
|d 2010
|
| 215 |
|
|
|a 1 vol. (non paginé [12] p.)
|c ill. en coul., couv. ill. en coul.
|d 17 cm
|
| 225 |
1 |
|
|a P'tit garçon
|v 11
|
| 330 |
|
|
|a L'album est destiné aux tout-petits qui veulent imiter les grands et découvrir le métier de grutier.
|
| 608 |
|
|
|a Albums
|
| 700 |
|
0 |
|a Bélineau
|b Nathalie
|4 70
|
| 701 |
|
0 |
|a Beaumont
|b Emilie
|f 1948-....
|4 70
|
| 702 |
|
0 |
|a Nesme
|b Alexis
|f 1974-....
|4 440
|
| 900 |
|
|
|a Album
|
| 901 |
|
|
|a Jeunesse
|
| 995 |
|
|
|a Médiathèque
|c Médiathèque
|f 089020751
|h 089020751
|k A BÉL BB
|o p
|q j
|r az
|e Médiathèque
|